Welcome to the Holygrace Academy Library

Please use search bar below to get started

THE OXFORD DICTIONARY OF PROVERBS (Record no. 1741)

MARC details
000 -LEADER
fixed length control field 00309nam a22001337a 4500
020 ## - INTERNATIONAL STANDARD BOOK NUMBER
ISBN 9780198070924
082 ## - DEWEY DECIMAL CLASSIFICATION NUMBER
Classification number 030
Item number OXF/P
100 ## - MAIN ENTRY--AUTHOR NAME
Personal name OXFORD
245 ## - TITLE STATEMENT
Title THE OXFORD DICTIONARY OF PROVERBS
260 ## - PUBLICATION, DISTRIBUTION, ETC. (IMPRINT)
Place of publication DELHI
Name of publisher OXFORD UNIVERSITY PRESS
Year of publication 2011
300 ## - PHYSICAL DESCRIPTION
Number of Pages 375
650 ## - SUBJECT ADDED ENTRY--TOPICAL TERM
Topical Term DICTIONARY
Geographic subdivision INDIA
942 ## - ADDED ENTRY ELEMENTS (KOHA)
Koha item type Books
Holdings
Withdrawn status Lost status Collection code Home library Current library Shelving location Date acquired Source of acquisition Full call number Accession Number Koha item type
    Reference Main Library Main Library SHELF 1-A DICTIONARIES 17/05/2012 purchase 030 OXF/P 03449 Books